000 00761nas a2200241 4500
001 BR2015001496
003 BR-BrBNA
005 20231205125107.0
007 ta
008 230509b bl.|||p| |||| 00| 00por d
040 _aBR-BrBNA
_bpor
_cBiblioteca Nacional de Agricultura
041 _a(Pt)
072 _aQ03
100 1 _aSoares, J.M.D.
100 1 _aOmena, C.M.B. de
245 1 _aCondições higienicossanitárias em feiras livres da cidade de Petrolina, PE
650 _aHIGIENE DE ALIMENTO
650 _aCOMERCIALIZAÇÃO
650 _aINSPEÇÃO SANITÁRIA
773 0 _tHigiene Alimentar (Brazil)
_xISSN 0101-9171
_g(Nov-Dec 2014), v. 28(238-239) p. 85-88
_wBR2015001496
909 _a202311
_bLúcia
_c55
_dLúcia Elande
942 _2AGRIS
_n0
_cANA
999 _c242596
_d242596